| 000 | 00000nam##2200000za#4500 |
| 001 | 9.631185 |
| 003 | CaOODSP |
| 005 | 20210624214219 |
| 007 | cr ||||||||||| |
| 008 | 150407|2003||||xxc|||||o f|0| 0 fre|d |
| 040 | |aCaOODSP|bfre |
| 043 | |an-cn--- |
| 086 | 1 |aH21-220/2003F-PDF |
| 110 | 1 |aCanada.|bSanté Canada. |bDirection générale de la politique de la santé et des communications. |
| 245 | 10|aLeçons de la crise du SRAS : |h[ressource électronique]|brenouvellement de la santé publique au Canada |
| 260 | |aOttawa - Ontario : |bSanté Canada. |c2003. |
| 300 | |a[2], viii, 232p.|bfigures, ill., organigrammes, références, tableaux |
| 520 | 3 |aCe rapport du Comité consultatif national sur le SRAS et la Santé publique évalue les leçons tirées des interventions des autorités de la santé publique pour enrayer le Syndrome respiratoire aigu sévère (SRAS) et donne des conseils en vue de contrôler et de prévenir d’éventuelles maladies infectieuses. Le Comité présente un plan de renouveau global du système de santé publique en général et de la capacité du pays à détecter, prévenir, comprendre et gérer les foyers des grandes maladies infectieuses. |
| 590 | |a03-42|b2003-10-17 |
| 775 | 08|tLearning from SARS : |w(CaOODSP)9.686722 |
| 776 | 0#|tLeçons de la crise du SRAS : |w(CaOODSP)9.682244 |
| 856 | 40|ahttp://publications.gc.ca|qPDF|s1,332 Ko|uhttps://publications.gc.ca/collections/Collection/H21-220-2003F.pdf |